000 00538nam a22001817a 4500
005 20251108172316.0
008 250721s1989 xx 000 0 ara d
082 1 4 _a909.82/إبر
100 1 _aأحمد، إبراهيم خليل
245 1 0 _aتاريخ العالم الثالث الحديث /
264 1 _aالموصل :
_bجامعة الموصل،
_c1989.
300 _a229ص
650 1 7 _aالدول النامية
650 1 7 _aالتاريخ
700 1 _aالسبعاوي، عوني
942 _2ddc
_cBK
999 _c75775
_d75775